000 00592nam a2200181 4500
001 109877
003 ES-MaACL
005 20230906184930.0
007 t|
008 061121s1962 sp r ||||1| spa d
100 1 _aOberhammer, Vinzenz.
_986385
245 1 3 _aLa pinacoteca de Viena /
_cVinzenz Oberhammer; versión española de José Milicua, Isabel Ibáñez de Milicua.
260 _aBarcelona :
_bRauter,
_c1962.
300 _a100 p., 101 lám. ;
_c31 cm.
700 1 _aMilicua, José.
_981113
700 1 _aIbáñez de Milicua, Isabel.
_964920
852 _aES-MaACL
_jC-22867
_bR.51801
999 _c109877
_d109877